000 00396nam a2200157Ia 4500
005 20250423094546.0
008 250422s9999 xx 000 0 und d
020 _a0- 412- 05611- 9
050 _aQA 279.5 .C36/
100 _aBradley P. Carlin
245 0 _aBayes and empirical bayes methods for data analysis
260 _bChapman & hall
260 _c1996
300 _a399 p
942 _cBK
999 _c27605
_d27605